[Event "Karposh Open"]
[Site "Skopje MKD"]
[Date "2011.04.06"]
[Round "6"]
[White "Simjanovski,S"]
[Black "Ristevski,Sasko"]
[Result "1-0"]
[WhiteElo "2253"]
[BlackElo "1961"]

1.e4 d5 2.exd5 Qxd5 3.Nc3 Qd6 4.g3 Nf6 5.Bg2 c6 6.d4 Bf5 7.Nge2 e6 8.O-O Be7
9.Bf4 Qd8 10.h3 O-O 11.g4 Bg6 12.Be3 Na6 13.Nf4 Nb4 14.Qe2 Nfd5 15.Ncxd5 Nxd5
16.Nxg6 hxg6 17.Rad1 Qc7 18.c4 Nf4 19.Bxf4 Qxf4 20.Qe3 Qf6 21.Rd3 Rfe8 22.Rfd1 Bd6
23.Rb3 Rab8 24.Qd2 Red8 25.Qa5 a6 26.Rf3 Bf4 27.Rfd3 g5 28.Be4 g6 29.Qb6 Kg7
30.Bg2 Rd7 31.Qb3 Rbd8 32.Bf1 Kf8 33.a4 Kg7 34.Qc3 Kf8 35.Bg2 Kg7 36.b4 Kg8
37.b5 axb5 38.axb5 cxb5 39.cxb5 Rc7 40.Qb3 Kg7 41.b6 Rcd7 42.Qc4 Kh7 43.d5 exd5
44.Rxd5 Rxd5 45.Rxd5 Rxd5 46.Qxd5 Kg7 47.Qxb7 Qa1+ 48.Bf1 Qd4 49.Qc6 Be5
50.b7 Qf4 51.Bg2 Bb8 52.Qc2 Qh2+ 53.Kf1 Qe5 54.Be4 Bc7 55.Qd3 Bb8 56.Bd5 Qa1+
57.Kg2 Qf6 58.Qb3 Qf4 59.Qb2+ Kg8 60.Kf1 Bc7 61.Qc2 Kg7 62.Qc6 Bb8 63.Qc8 Qe5
64.Qd7 Qf4 65.Qc6 Qe5 66.Qc4 Qf6 67.Ke2 Ba7 68.f3 Qe5+ 69.Kd1 Qf6 70.Kc2 Bb8
71.Kb3 Qb6+ 72.Ka4 Qf6 73.Kb5 Qe7 74.Qc3+ Kg8 75.Qc8+ Qf8 76.Kc6  1-0

[Event "4th Metropolitan Invitational"]
[Site "Los Angeles USA"]
[Date "2011.04.07"]
[Round "2"]
[White "Casella,M"]
[Black "Liou,Y"]
[Result "0-1"]
[WhiteElo "2249"]
[BlackElo "2276"]

1.e4 d5 2.exd5 Qxd5 3.Nc3 Qd6 4.d4 Nf6 5.Nf3 c6 6.Ne5 Nbd7 7.Bf4 Nxe5 8.dxe5 Qxd1+
9.Rxd1 Nd7 10.Bc4 Nb6 11.Bb3 Bf5 12.a4 e6 13.O-O Rd8 14.Rxd8+ Kxd8 15.Rd1+ Kc7
16.a5 Nd7 17.Be3 Bb4 18.Ra1 Bc5 19.Bf4 Be7 20.Be3 Ra8 21.f4 h6 22.Ne2 Nc5
23.Ba2 Bxc2 24.Nd4 Be4 25.Rc1 Nd3 26.Rc3 Nb4 27.Bb3 Kd7 28.f5 Bd5 29.Ba4 b5
30.Bd1 Na6 31.Bh5 Bb4 32.Rc1 exf5 33.Bxf7 Bxf7 34.Rxc6 Nc7  0-1

[Event "ch-CHN w 2011"]
[Site "Xinghua Jiangsu CHN"]
[Date "2011.04.09"]
[Round "10"]
[White "Wang Yu A"]
[Black "Huang Qian"]
[Result "1/2-1/2"]
[WhiteElo "2398"]
[BlackElo "2394"]

1.e4 d5 2.exd5 Qxd5 3.Nc3 Qd6 4.d4 c6 5.Nf3 Nf6 6.Be2 Bg4 7.O-O e6 8.h3 Bxf3
9.Bxf3 Nbd7 10.Be3 Qc7 11.Qd2 Bd6 12.Ne4 Nxe4 13.Bxe4 Nf6 14.Bd3 Nd5 15.c4 Nxe3
16.Qxe3 O-O 17.Rad1 g6 18.b3 Bh2+ 19.Kh1 Bf4 20.Qe4 Rad8 21.Be2 Bh6 22.Bf3 Qf4
23.Qxf4 Bxf4 24.g3 Bd6 25.Kg2 Kg7 26.Rd3 Bb4 27.Rfd1 Rfe8 28.Be2 e5 29.dxe5 Rxd3
30.Rxd3 Rxe5 31.Bf3  1/2-1/2

[Event "TCh-HUN 2010-11"]
[Site "Zalaegerszeg HUN"]
[Date "2011.04.10"]
[Round "8"]
[White "Porubszky Angyalosine,M"]
[Black "Krutti,V"]
[Result "0-1"]
[WhiteElo "2078"]
[BlackElo "2380"]

1.e4 d5 2.exd5 Qxd5 3.Nc3 Qd6 4.d4 Nf6 5.Nf3 Bg4 6.h3 Bf5 7.Bd3 Bxd3 8.Qxd3 c6
9.Ne5 e6 10.O-O Qc7 11.Re1 Nbd7 12.Bd2 Rd8 13.Qe2 Nb6 14.Be3 Be7 15.Rad1 O-O
16.a3 Nbd5 17.Nxd5 cxd5 18.Rd3 Ne4 19.f3 Ng3 20.Qd2 Nf5 21.Bf2 Rc8 22.Re2 Bd6
23.Rc3 Qe7 24.Rxc8 Rxc8 25.c3 Qc7 26.Re1 a6 27.Qe2 Bxe5 28.dxe5 Qc4 29.Qxc4 Rxc4
30.Rd1 b5 31.Kf1 h5 32.g4 hxg4 33.hxg4 Ne7 34.Rd4 Rc8 35.Rd1 Rc4 36.Rd4 Ng6
37.Bg3 Ne7 38.Ke2 Rc8 39.Rd1 Nc6 40.Ra1 Rb8 41.Kd3 Kh7 42.Rh1+ Kg6 43.f4 Rd8
44.Bf2 Rc8 45.Bb6 f6 46.exf6 gxf6 47.Be3 Rg8 48.Ke2 Kg7 49.Rh5 Rh8 50.Rxh8 Kxh8
51.Kf3 Kg7 52.Bd4 Kf7 53.Bc5 Na5 54.Be3 Nc4 55.Bc1 e5 56.f5 e4+ 57.Ke2 Ke8
58.b3 Na5 59.b4 Nc4 60.Kf2 Kd7 61.Kg3 Kd6 62.Kf4 Ke7 63.Kg3 Kf7 64.Kf4 Kg7
65.Kg3 Kh7 66.Kf2 Kg7 67.Kg3 Kf7 68.Kf2 Ne5 69.Kg3 Nd3 70.Bd2 Ke7 71.Kg2 Ne5
72.Kg3 Nc4 73.Bc1 a5 74.bxa5 Nxa5 75.Be3 Kf7 76.Bc5 Nc4 77.Kf2 Ne5 78.Bb4 Nd3+
79.Ke3 Nxb4 80.axb4 Kg7 81.Kf2 Kh6 82.Kg2 Kg5 83.Kg3 e3 84.Kf3 e2 85.Kxe2 Kxg4
86.Ke3 Kxf5 87.Kd4 Ke6 88.Kc5 f5 89.Kxb5 f4 90.Kc6 f3 91.b5 f2 92.b6 f1=Q
93.b7 Qc4+ 94.Kb6 Qxc3  0-1

[Event "11th European Senior"]
[Site "Courmayeur ITA"]
[Date "2011.04.12"]
[Round "7.12"]
[White "Peretz,M"]
[Black "Weisenburger,H"]
[Result "1-0"]
[WhiteElo "2255"]
[BlackElo "2179"]

1.e4 d5 2.exd5 Qxd5 3.Nc3 Qd6 4.Nf3 Nf6 5.d4 a6 6.Be2 Bf5 7.O-O e6 8.Re1 Be7
9.Be3 O-O 10.Qd2 Nc6 11.Bf4 Qd7 12.Bd3 Bxd3 13.Qxd3 Rfd8 14.Rad1 Bf8 15.Bg5 Ne7
16.Ne5 Qc8 17.Qf3 Nf5 18.d5 exd5 19.Bxf6 gxf6 20.Ng4 Bg7 21.Nxd5 Kh8 22.Ngxf6 c6
23.Nb6 Rxd1 24.Qxd1  1-0

[Event "Zagreb Open B"]
[Site "Zagreb CRO"]
[Date "2011.04.12"]
[Round "2.22"]
[White "Jelecevic,I"]
[Black "Ostojic,V CRO"]
[Result "1-0"]
[WhiteElo "2183"]
[BlackElo "2039"]

1.e4 d5 2.exd5 Qxd5 3.Nc3 Qd8 4.d4 Nf6 5.Bc4 e6 6.Nf3 Be7 7.Bg5 c6 8.Qe2 Nd5
9.Bxe7 Nxe7 10.O-O-O Nd5 11.Ne4 b5 12.Bb3 a5 13.a4 b4 14.Ne5 O-O 15.h4 Qc7
16.h5 f6 17.Nd3 h6 18.Nec5 Re8 19.Rhe1 Nf4 20.Nxf4 Qxf4+ 21.Kb1 Kh8 22.g3 Qd6
23.Qg4 Ra7 24.Qg6 Rae7 25.c3 Nd7 26.Nxd7 Qxd7 27.Bc2 f5 28.g4 Rf8 29.gxf5 exf5
30.Rxe7 Qxe7 31.Qxc6 bxc3 32.Qxc3 Qd8 33.d5 Rf6 34.d6 Rf7 35.Qe5 Bd7 36.f4 Rf6
37.Qe7 Qc8 38.Rg1  1-0

[Event "11th European Senior"]
[Site "Courmayeur ITA"]
[Date "2011.04.14"]
[Round "9.10"]
[White "Rooze,J"]
[Black "Weisenburger,H"]
[Result "1-0"]
[WhiteElo "2315"]
[BlackElo "2179"]

1.e4 d5 2.exd5 Qxd5 3.Nc3 Qd6 4.d4 Nf6 5.Nf3 a6 6.Be3 b5 7.Bd3 Bb7 8.O-O Nbd7
9.Nd2 e6 10.a4 Qc6 11.d5 Nxd5 12.Nxd5 exd5 13.axb5 axb5 14.Rxa8+ Bxa8 15.Re1 Kd8
16.Nb3 Be7 17.Nd4 Qf6 18.Qa1 Bb7 19.Qa7 Qa6 20.Qxa6  1-0

[Event "Norsk Open A"]
[Site "Fagernes NOR"]
[Date "2011.04.18"]
[Round "2"]
[White "Myhrvold,R"]
[Black "Kasparov,S"]
[Result "0-1"]
[WhiteElo "2164"]
[BlackElo "2473"]

1.e4 d5 2.exd5 Qxd5 3.Nc3 Qd6 4.d4 Nf6 5.Be3 c6 6.Qd2 Bf5 7.Nf3 e6 8.Be2 Nbd7
9.O-O Qc7 10.Ne5 Nxe5 11.dxe5 Qxe5 12.Rad1 Be7 13.Bd4 Qc7 14.Qe3 Qa5 15.b4 Bxb4
16.Rb1 O-O 17.Bxf6 gxf6 18.Ne4 Kh8 19.a3 Be7 20.Rxb7 Qxa3 21.Bd3 Bg6 22.Rfb1 f5
23.Qd4+ Kg8 24.Ra1 Rad8 25.Qe5 Rd5 26.Nf6+ Bxf6 27.Qxf6 Qd6 28.Rbxa7 f4 29.Ra8 Rd8
30.h4 Qf8 31.R1a7 Rxa8 32.Bxg6 hxg6 33.Ra2  0-1

[Event "ch-DEN"]
[Site "Odense DEN"]
[Date "2011.04.18"]
[Round "3"]
[White "Aagaard,J"]
[Black "Skytte,R"]
[Result "1/2-1/2"]
[WhiteElo "2528"]
[BlackElo "2409"]

1.e4 d5 2.exd5 Qxd5 3.Nc3 Qd6 4.d4 Nf6 5.Nf3 c6 6.Ne5 Nbd7 7.Nc4 Qc7 8.Qf3 Nb6
9.Ne5 Be6 10.Bd3 g6 11.Ne2 Nbd7 12.Bf4 Qa5+ 13.c3 Qd5 14.Qxd5 Bxd5 15.Nxd7 Nxd7
16.O-O Bg7 17.Rfe1 O-O 18.c4 Be6 19.Rad1 Nb6 20.b3 Rad8 21.Bg5 Rd7 22.d5 cxd5
23.c5 Nc8 24.Nf4 Bc3 25.Nxe6 fxe6 26.Rxe6 Bd4 27.Bh4 Bxc5 28.Rc1 Bd6 29.Be2 Bf4
30.Rd1 g5 31.Bg3 Bxg3 32.hxg3 Kg7 33.Bg4 h6 34.Re5 Rc7 35.Rexd5 Nd6 36.Re5 Rf6
37.Kf1 Kf8 38.Ke1 Rc2 39.Re2 Rc5 40.Bf3 Ke8 41.Rd5 Rxd5 42.Bxd5 Kd7 43.Rd2 Kc7
44.Rc2+ Kd7 45.Rd2 Kc7 46.Rc2+ Kd7 47.Ke2 Rf5 48.Bf3 Rb5 49.Kd3 Nf7 50.Kd4 Nd6
51.Bg4+ e6 52.Bf3 Nf5+ 53.Kc4 Nd6+ 54.Kd3 Rf5 55.Re2 Rc5 56.Re1 Rf5 57.g4 Rf8
58.Rh1 Rf6 59.Ke3 b6 60.g3 Nb5 61.Rd1+ Nd6 62.Rc1 e5 63.Bc6+ Kd8 64.Rc2 Rf7
65.Bd5 Rf6 66.Rd2 Kd7 67.Bg2 Rf8 68.Rd1 Ke6 69.Bd5+ Kd7 70.Rh1 Rf6 71.Rd1 Rf8
72.Be4 Ke6 73.Rh1 Rf6 74.f3 Kd7 75.b4 Nc4+ 76.Kd3 b5 77.Bd5 Nb6 78.Ke4 Nxd5
79.Rd1 Ke6 80.Rxd5 Rxf3 81.Rxe5+ Kf6 82.Rxg5  1/2-1/2

[Event "9th V Nabokov IM"]
[Site "Kyiv UKR"]
[Date "2011.04.19"]
[Round "2.3"]
[White "Moliboga,V"]
[Black "Kernazhitsky,L"]
[Result "0-1"]
[WhiteElo "2277"]
[BlackElo "2342"]

1.e4 d5 2.exd5 Qxd5 3.Nc3 Qd6 4.d4 Nf6 5.Nf3 c6 6.g3 Bg4 7.Bg2 e6 8.h3 Bh5
9.O-O Nbd7 10.a3 Qc7 11.Re1 Be7 12.Bf4 Qd8 13.g4 Bg6 14.Ne5 Nxe5 15.dxe5 Qxd1
16.Raxd1 Nd7 17.Ne4 O-O-O 18.Nd6+ Bxd6 19.Rxd6 Nb6 20.Rxd8+ Rxd8 21.c3 Nc4
22.Bg5 Rd7 23.b3 Nxa3 24.Ra1 Nb1 25.Rxa7 Kb8 26.Ra1 Nxc3 27.Be3 Bc2 28.Bf3 Nb5
29.b4 f6 30.Bf4 f5 31.Be3 f4 32.Bc5 Kc7 33.h4 b6 34.Bf8 Kb7 35.Be2 Bd3 36.Bxd3 Rxd3
37.Bxg7 c5 38.bxc5 bxc5 39.h5 Nd4 40.g5 Nf3+ 41.Kg2 Nxg5 42.Ra4 Rd4 43.Ra5 Kb6
44.Ra8 Rd3 45.Re8 Rh3 46.f3 Rg3+ 47.Kf2 Nh3+ 48.Ke2 Rxg7 49.Rxe6+ Kb5 50.Rf6 c4
51.e6 Re7 52.Kd2 Kb4 53.Kc2 Ng5  0-1

[Event "Branko Vukmanovic Mem Open"]
[Site "Tivat MNE"]
[Date "2011.04.19"]
[Round "4.21"]
[White "Karisik,N"]
[Black "Drobne,M"]
[Result "1-0"]
[WhiteElo "2015"]
[BlackElo "2093"]

1.e4 d5 2.exd5 Qxd5 3.Nc3 Qd6 4.d4 Nf6 5.Bc4 a6 6.Nge2 b5 7.Bb3 Bb7 8.Bf4 Qb6
9.O-O e6 10.d5 c5 11.Be3 Qc7 12.Bf4 e5 13.Bg5 c4 14.Bxf6 gxf6 15.Ne4 Nd7
16.N2g3 h5 17.a4 cxb3 18.cxb3 h4 19.Rc1 Qb6 20.Nf5 bxa4 21.bxa4 a5 22.Qf3 Rc8
23.Rxc8+ Bxc8 24.Rc1 Bb7 25.Rc6 Qxb2 26.h3 Kd8 27.Qd3 Bxc6 28.dxc6 Qc1+ 29.Kh2 Qf4+
30.Neg3 hxg3+ 31.fxg3  1-0

[Event "4th Pedro Montalvo Mem"]
[Site "Las Palmas ESP"]
[Date "2011.04.20"]
[Round "3"]
[White "Meneses Gonzalez,K"]
[Black "Kurajica,B"]
[Result "1/2-1/2"]
[WhiteElo "2150"]
[BlackElo "2531"]

1.e4 d5 2.exd5 Qxd5 3.Nc3 Qd6 4.Nf3 Nf6 5.d4 a6 6.g3 b5 7.Bg2 Bb7 8.Bf4 Qe6+
9.Ne2 Nd5 10.O-O Qb6 11.Bd2 Nd7 12.Nf4 e6 13.Ne5 Nxe5 14.Nxd5 Bxd5 15.Bxd5 Rd8
16.dxe5 Rxd5 17.Qe2 Bc5 18.Rad1 O-O 19.Bf4 Rfd8 20.Rxd5 Rxd5 21.h4 Qc6 22.Rd1 h6
23.h5 Be7 24.Rxd5 Qxd5 25.b3 Bg5 26.Bxg5 hxg5 27.c4 bxc4 28.Qxc4 Qxc4 29.bxc4 g4
30.f3 Kh7 31.fxg4 Kh6 32.Kf2 Kg5 33.Kf3 c5 34.a3 a5 35.a4 g6 36.Ke4 Kh6  1/2-1/2

[Event "75th ch-BUL"]
[Site "Bankya BUL"]
[Date "2011.04.21"]
[Round "13.1"]
[White "Ninov,N"]
[Black "Chatalbashev,B"]
[Result "1/2-1/2"]
[WhiteElo "2543"]
[BlackElo "2602"]

1.e4 d5 2.exd5 Qxd5 3.Nc3 Qd6 4.d4 Nf6 5.Nf3 a6 6.g3 Bg4 7.Bg2 Nc6 8.O-O O-O-O
9.d5 Nb4 10.Bf4 Qc5 11.Be3 Qd6 12.Bf4 Qc5 13.Be3 Qd6 14.h3 Bh5 15.Bf4 Qc5
16.Be3 Qd6 17.Bf4 Qc5 18.Be3 Qd6  1/2-1/2

[Event "Dhamso Open"]
[Site "Ambalangoda SRI"]
[Date "2011.04.22"]
[Round "3"]
[White "Narayanan,Sri"]
[Black "Ranmith,W.S."]
[Result "1-0"]
[WhiteElo "2310"]
[BlackElo "1729"]

1.e4 d5 2.exd5 Qxd5 3.Nc3 Qd8 4.d4 c6 5.Bc4 Bf5 6.Nf3 e6 7.Ne5 Nf6 8.g4 Bg6
9.h4 Ne4 10.Qf3 Qf6 11.Qe2 Nxc3 12.bxc3 h6 13.Rh3 Nd7 14.h5 Bh7 15.Rf3 Qd8
16.Nxf7 Qe7 17.Nxh8 Nf6 18.Ng6 Bxg6 19.hxg6 Kd8 20.Bf4 Qe8 21.Rb1 b5 22.Qe5 Rc8
23.Bxe6 Nd7 24.Qe2 Be7 25.c4 bxc4 26.Rb7 Nb6 27.Bxc8 Nxc8 28.Bc7+ Kd7 29.Ba5+ Kd6
30.Qe5+  1-0

[Event "Joao Braga Open"]
[Site "Sao Paolo BRA"]
[Date "2011.04.22"]
[Round "4.55"]
[White "Alves da Silva,Felipe"]
[Black "Mourao,I"]
[Result "0-1"]
[WhiteElo "1509"]
[BlackElo "2081"]

1.e4 d5 2.exd5 Qxd5 3.Nc3 Qd6 4.Nf3 Nf6 5.Bc4 Bg4 6.O-O e6 7.d3 a6 8.h3 Bh5
9.Bg5 Be7 10.a3 Nc6 11.Ne4 Qd7 12.Nxf6+ gxf6 13.Be3 Qd6 14.b4 Rb8 15.Bc5 Qf4
16.Kh1 Bxc5 17.bxc5 Ne5 18.Bb3 Nxf3 19.gxf3 Bxf3+  0-1

[Event "Chance Cup Open 2011"]
[Site "Frydek Mistek CZE"]
[Date "2011.04.23"]
[Round "5"]
[White "Gluszko,M"]
[Black "Karhanek,P"]
[Result "1-0"]
[WhiteElo "1990"]
[BlackElo "2155"]

1.e4 d5 2.exd5 Qxd5 3.Nc3 Qd6 4.d4 Nf6 5.Nf3 a6 6.g3 Bf5 7.Bg2 c6 8.Bf4 Qd8
9.Qd2 e6 10.Nh4 Bg4 11.h3 Bh5 12.g4 Bg6 13.Nxg6 hxg6 14.a3 Bd6 15.Bxd6 Qxd6
16.O-O-O Nbd7 17.Rhe1 Nb6 18.Kb1 Qc7 19.f4 O-O-O 20.f5 gxf5 21.gxf5 e5 22.Qg5 Qd7
23.Qxg7 Nh5 24.Qxe5 Nc4 25.Qc5 Nd6 26.Nd5 Kb8 27.Re7 cxd5 28.Rxd7 Rxd7 29.Qxd5 Re8
30.Qf3 Nf6 31.Qf4 Ka8 32.Qf1  1-0

[Event "17th Asian Cities"]
[Site "Jakarta INA"]
[Date "2011.04.23"]
[Round "3.5"]
[White "Sukandar,I"]
[Black "Thejkumar,M"]
[Result "1-0"]
[WhiteElo "2354"]
[BlackElo "2458"]

1.e4 d5 2.exd5 Qxd5 3.Nc3 Qd6 4.d4 Nf6 5.g3 Bg4 6.Nf3 a6 7.Bg2 Nc6 8.Bf4 Qb4
9.O-O O-O-O 10.a3 Qxb2 11.Qd3 Bxf3 12.Rfb1 Qxa1 13.Rxa1 Bxg2 14.Kxg2 Rxd4
15.Qe2 e6 16.Be3 Rd7 17.Qc4 Be7 18.Rb1 Nd5 19.Nxd5 Rxd5 20.a4 Rhd8 21.Qb3 Na5
22.Qb2 f6 23.c4 Rd3 24.c5 R8d5 25.Qb4 Nc6 26.Qxb7+ Kd7 27.Rb6 Nd8 28.c6+ Kd6
29.Rxa6 e5 30.Qc8 Nxc6 31.Qb7 Rc3 32.Qb4+ Rcc5 33.Bxc5+ Rxc5 34.Qd2+ Ke6
35.Qa2+ Kd7 36.Qf7 e4  1-0

[Event "V New Open Lugano"]
[Site "Lugano SUI"]
[Date "2011.04.25"]
[Round "6.2"]
[White "Okhotnik,V"]
[Black "Mrdja,M"]
[Result "1-0"]
[WhiteElo "2458"]
[BlackElo "2404"]

1.e4 d5 2.exd5 Qxd5 3.Nc3 Qd6 4.d4 Nf6 5.Bc4 a6 6.Nf3 e6 7.a4 Be7 8.O-O O-O
9.Qe2 c5 10.Rd1 cxd4 11.Rxd4 Qc7 12.Bf4 Qa5 13.Bd2 Qc7 14.Bf4 Qa5 15.Bd2 Bb4
16.Rh4 Nbd7 17.Bd3 g6 18.Re1 Re8 19.Nd4 Qb6 20.Qf3 Be7 21.Nb3 Qc7 22.Bg5 Ne5
23.Qg3 Nfd7 24.Bxe7 Rxe7 25.Rxh7 Nf6 26.Rh4 Nxd3 27.Qxd3 e5 28.Qe3 Bg4 29.Qg5 Re6
30.Rxg4 Nxg4 31.Qxg4 b5 32.axb5 axb5 33.h4 Rb8 34.h5 b4 35.Nd5 Qxc2 36.hxg6 Qxg6
37.Qxg6+ fxg6 38.Nc5  1-0

[Event "ch-RUS Rapid"]
[Site "Olginka RUS"]
[Date "2011.04.25"]
[Round "4"]
[White "Najer,E"]
[Black "Kruchev,B"]
[Result "1-0"]
[WhiteElo "2638"]
[BlackElo "2256"]

1.e4 d5 2.exd5 Qxd5 3.Nc3 Qd8 4.d4 c6 5.Bc4 Nf6 6.Nf3 Bf5 7.Ne5 e6 8.g4 Bg6
9.h4 b5 10.Bb3 Bb4 11.f3 Nd5 12.Bxd5 cxd5 13.h5 f6 14.hxg6 fxe5 15.dxe5 Nc6
16.Bd2 Be7 17.Rxh7 Bh4+ 18.Kf1 O-O 19.Rh5 b4 20.Na4 Qe8 21.Kg2 Nxe5 22.Rxe5 Qxa4
23.Rh5 Rf6 24.Rxh4 Rxg6 25.a3 Qd7 26.axb4 e5 27.Qh1 Rf8 28.Rh8+ Kf7 29.Rxf8+ Kxf8
30.Qh5 Rf6 31.Qxe5 a6 32.Re1 d4 33.Bg5  1-0

[Event "8th Balagne Open"]
[Site "Calvi FRA"]
[Date "2011.04.30"]
[Round "7.10"]
[White "Gertosio,F"]
[Black "Hamdouchi,A"]
[Result "1-0"]
[WhiteElo "2166"]
[BlackElo "2268"]

1.e4 d5 2.exd5 Qxd5 3.Nc3 Qd6 4.d4 Nf6 5.Bc4 g6 6.Nge2 Bg7 7.Bf4 Qd8 8.Qd2 O-O
9.Bh6 a6 10.Bxg7 Kxg7 11.a4 Nc6 12.O-O Qd6 13.Rad1 Rd8 14.Rfe1 e5 15.d5 Qc5
16.Ba2 Nb4 17.Bb3 Bg4 18.Qg5 Re8 19.Qxf6+  1-0

[Event "Ostravsky Konik A"]
[Site "Ostrava CZE"]
[Date "2011.04.30"]
[Round "1.16"]
[White "Hladik,L"]
[Black "Heinzel,O"]
[Result "0-1"]
[WhiteElo "2047"]
[BlackElo "2324"]

1.e4 d5 2.exd5 Qxd5 3.Nc3 Qd6 4.d4 Nf6 5.Nf3 c6 6.Be2 Be6 7.O-O Nbd7 8.Re1 h6
9.b3 g5 10.Bb2 Bg7 11.Bf1 O-O 12.Qd3 Rad8 13.Rad1 Rfe8 14.h3 Qc7 15.Qe3 g4
16.Ne5 gxh3 17.gxh3 Nxe5 18.dxe5 Nd7 19.Na4 b6 20.c4 Nf8 21.Bd3 Qc8 22.Kh2 Bf5
23.Rg1 Ng6 24.e6 Rxd3 25.exf7+ Kxf7 26.Rxd3 Bxd3 27.Qxd3 Qe6 28.Bxg7 Kxg7
29.Rg3 Rf8 30.Kg2 Rf5 31.Nc3 Kf7 32.Kf1 Qf6 33.Nd1 Nf4 34.Qd8 Rg5 35.Rxg5 hxg5
36.Qd7 Qe6 37.Qxe6+ Kxe6 38.Kg1 Nxh3+ 39.Kg2 Nf4+ 40.Kf3 Kf5 41.Ne3+ Ke5
42.Kg4 Nd3 43.f3 Nc1 44.Kxg5 Nxa2 45.f4+ Ke6 46.Nc2 a5 47.Kg4 Nc1 48.b4 Nd3
49.bxa5 bxa5 50.Kf3 Nb2 51.f5+ Ke5 52.c5 Nd3  0-1

[Event "TCh-ESP Selecciones Autonomicas"]
[Site "Gijon ESP"]
[Date "2011.05.02"]
[Round "6.1"]
[White "Almagro Llamas,P"]
[Black "Magem Badals,J"]
[Result "1/2-1/2"]
[WhiteElo "2472"]
[BlackElo "2573"]

1.e4 d5 2.exd5 Qxd5 3.Nc3 Qd6 4.d4 Nf6 5.Nf3 g6 6.Nb5 Qb6 7.c4 c6 8.Nc3 Bg7
9.c5 Qc7 10.Bc4 O-O 11.O-O b6 12.cxb6 axb6 13.Bg5 Ba6 14.Bxa6 Nxa6 15.Rc1 Qb7
16.Re1 c5 17.Qe2 Rfd8 18.Rcd1 cxd4 19.Nxd4 Rd7 20.Nb3 Rad8 21.h3 Nb4 22.Rxd7 Rxd7
23.Rd1 Nfd5 24.Nxd5 Nxd5 25.a3 h6 26.Bc1 Rc7 27.Qe4 e6 28.Nd4 Qc8 29.Ne2 Rc4
30.Qd3 Qc5 31.b3 Rc2 32.Bd2 Ra2 33.a4 Qa3 34.Bc1 Qc5 35.Bd2  1/2-1/2

[Event "ch-Asian Individual w"]
[Site "Mashhad IRI"]
[Date "2011.05.02"]
[Round "1.4"]
[White "Ghader Pour,S"]
[Black "Huang Qian"]
[Result "1/2-1/2"]
[WhiteElo "2241"]
[BlackElo "2394"]

1.e4 d5 2.exd5 Qxd5 3.Nc3 Qd6 4.d4 c6 5.Nf3 Nf6 6.Ne5 Nbd7 7.Nc4 Qc7 8.Qf3 Nb6
9.Bf4 Qd8 10.Be5 Be6 11.Ne3 Nbd5 12.Ncxd5 Nxd5 13.Nxd5 Qxd5 14.Qe3 Bf5 15.c3 e6
16.h3 f6 17.Bg3 Qe4 18.Qxe4 Bxe4 19.f3 Bg6 20.Bc4 Kd7 21.O-O Bd6 22.Bxd6 Kxd6
23.Rfe1 Rae8 24.Rad1 h5 25.g4 a5 26.a4 Bc2 27.Ra1 g5 28.Re2 Bg6 29.Rd1 Bf7
30.Kg2 Re7 31.Kg3 Be8 32.Bd3 Bd7 33.Bg6 hxg4 34.hxg4 Rg7 35.Bc2 f5 36.Rh2 f4+
37.Kg2 Rxh2+ 38.Kxh2 e5 39.dxe5+ Kxe5 40.Kg2 Be6 41.Kf2 b5 42.axb5 cxb5 43.Rd8 Rd7
44.Rxd7 Bxd7 45.Ke2 Bc6 46.Bd1 Bd5 47.Kd2 Kd6 48.Kd3  1/2-1/2

[Event "ch-UKR semi-final"]
[Site "Alushta UKR"]
[Date "2011.05.03"]
[Round "1.10"]
[White "Firman,N"]
[Black "Onikienko,V"]
[Result "1-0"]
[WhiteElo "2542"]
[BlackElo "2205"]

1.e4 d5 2.exd5 Qxd5 3.Nc3 Qd6 4.d4 Nf6 5.Nf3 c6 6.Ne5 Bf5 7.g4 Bg6 8.Bf4 Nd5
9.Nxg6 Qxg6 10.Nxd5 Qe4+ 11.Be3 Qxd5 12.Rg1 e6 13.Qd2 Nd7 14.c4 Qd6 15.O-O-O O-O-O
16.Bf4 Qb4 17.Qc2 c5 18.d5 e5 19.Bg5 Re8 20.d6 Qb6 21.Rg3 f6 22.Bg2 e4 23.Bf4 g5
24.Bxe4 gxf4 25.Rb3 Qa6 26.Bxb7+ Qxb7 27.Rxb7 Kxb7 28.Qb3+ Nb6 29.Qf3+ Kb8
30.a4 Bh6 31.a5  1-0

[Event "13th Salou Open"]
[Site "Salou ESP"]
[Date "2011.05.05"]
[Round "2"]
[White "Tscharotschkin,M"]
[Black "Maze,S"]
[Result "0-1"]
[WhiteElo "2224"]
[BlackElo "2571"]

1.e4 d5 2.exd5 Qxd5 3.Nc3 Qd6 4.d4 Nf6 5.Nf3 g6 6.Be2 Bg7 7.Nb5 Qd8 8.c4 c6
9.Nc3 O-O 10.O-O Bf5 11.h3 Qc7 12.Be3 Rd8 13.Qb3 h6 14.c5 Be6 15.Qc2 Nd5
16.Nxd5 Bxd5 17.Ne5 Nd7 18.f4 e6 19.Bd3 b6 20.cxb6 axb6 21.Rfc1 Rdc8 22.b4 Nxe5
23.fxe5 Ra3 24.Bd2 Qd8 25.Be4 Qh4 26.Re1 Rca8 27.Bc3 Bxe4  0-1

[Event "Ostravsky Konik A"]
[Site "Ostrava CZE"]
[Date "2011.05.06"]
[Round "7.9"]
[White "Malik,J"]
[Black "Heinzel,O"]
[Result "1-0"]
[WhiteElo "2239"]
[BlackElo "2324"]

1.e4 d5 2.exd5 Qxd5 3.Nc3 Qd6 4.d4 Nf6 5.Bd3 c6 6.Nge2 Bg4 7.O-O e6 8.f3 Bh5
9.Ne4 Qd8 10.c3 Nbd7 11.Qb3 Qb6 12.Bf4 Bg6 13.Qc2 Nd5 14.Kh1 Nxf4 15.Nxf4 Qc7
16.Ne2 Be7 17.Rae1 O-O-O 18.b4 e5 19.Rb1 exd4 20.cxd4 Kb8 21.Rfc1 Bxe4 22.Bxe4 Bg5
23.f4 Bxf4 24.Nxf4 Qxf4 25.b5 cxb5 26.Bxb7 Nb6 27.Ba6 Rd5 28.Qc6 Rd7 29.Qxb5 Rhd8
30.Qc6  1-0

[Event "ch-Asian Individual w"]
[Site "Mashhad IRI"]
[Date "2011.05.08"]
[Round "7.6"]
[White "Pourkashiyan,A"]
[Black "Hoang Thi Bao Tram"]
[Result "1/2-1/2"]
[WhiteElo "2371"]
[BlackElo "2311"]

1.e4 d5 2.exd5 Qxd5 3.Nc3 Qd6 4.d4 Nf6 5.Nf3 c6 6.Ne5 Nbd7 7.Nc4 Qc7 8.Be2 Nb6
9.Ne5 Bf5 10.Bf4 Qd8 11.g4 Bg6 12.h4 Nfd5 13.Nxd5 Nxd5 14.Bd2 Nb6 15.c3 Be4
16.f3 Bd5 17.h5 f6 18.Nd3 Qd7 19.Bf4 O-O-O 20.Qc2 Bf7 21.O-O-O e6 22.Kb1 Bd6
23.Nc5 Qc7 24.Bxd6 Qxd6 25.Bd3 h6 26.Qe2 Kb8 27.Ne4 Qc7 28.Nc5 Rhe8 29.Ba6 e5
30.Nxb7 exd4 31.Qc2 Bc4 32.Bxc4 Kxb7 33.cxd4 Qf4 34.Qd3 Re3 35.Ba6+ Kc7 36.Qg6 Re7
37.Rc1 Qxf3 38.Rhe1 Rxe1 39.Rxe1 Qd5 40.Rc1 Rd7 41.Qd3 Qe4  1/2-1/2

[Event "Ostravsky Konik A"]
[Site "Ostrava CZE"]
[Date "2011.05.08"]
[Round "9"]
[White "Dvorak,V"]
[Black "Heinzel,O"]
[Result "0-1"]
[WhiteElo "1996"]
[BlackElo "2324"]

1.e4 d5 2.exd5 Qxd5 3.Nc3 Qd6 4.d4 Nf6 5.Nf3 c6 6.g3 Bg4 7.Bg2 e6 8.O-O Be7
9.Bf4 Qd8 10.Qd2 Nbd7 11.Rfe1 O-O 12.h3 Bxf3 13.Bxf3 Nd5 14.Nxd5 cxd5 15.Kh2 b5
16.a3 Nb6 17.Be2 a6 18.c3 Bd6 19.Bd3 Rb8 20.Bxd6 Qxd6 21.Qg5 Rfc8 22.Re2 Nc4
23.f4 g6 24.Rae1 Nxb2 25.Bxg6 hxg6 26.Rxe6 Qf8 27.f5 Qg7 28.f6 Qh7 29.Re7 Qh5
30.Qxh5 gxh5 31.R1e5 Rb6 32.Rg5+ Kf8 33.Rxh5 Rxf6 34.Rd7 Rxc3 35.h4 Rxa3
36.Rhxd5 Nc4 37.Rd8+ Kg7 38.g4 Rf2+ 39.Kg1 Rd2 40.Rg5+ Kf6 41.Rf5+ Ke7 42.Rg8 Rg3+  0-1

[Event "2nd ch-Region Officer House Open"]
[Site "Lviv UKR"]
[Date "2011.05.09"]
[Round "8.2"]
[White "Matseyko,R"]
[Black "Zazuliak,A"]
[Result "1-0"]
[WhiteElo "2045"]
[BlackElo "2189"]

1.e4 d5 2.exd5 Qxd5 3.Nc3 Qd8 4.d4 Nf6 5.Bc4 c6 6.Nf3 b5 7.Bb3 a5 8.Ne5 e6
9.a3 Bb7 10.Qe2 Nbd7 11.Nxf7 Qe7 12.Bxe6 Rg8 13.Bf4 Qxf7 14.Bxf7+ Kxf7 15.O-O Re8
16.Qf3 g5 17.Be5 Nxe5 18.dxe5 Rxe5 19.Rfe1 Bd6 20.Rxe5 Bxe5 21.Rd1 Ba8 22.Qf5 Re8
23.Ne4 Bxh2+ 24.Kxh2 Rxe4 25.Rd7+  1-0

[Event "ch-Euro Indiv Women"]
[Site "Tbilisi GEO"]
[Date "2011.05.09"]
[Round "3"]
[White "Olsarova,T"]
[Black "Mikadze,M"]
[Result "0-1"]
[WhiteElo "2234"]
[BlackElo "2351"]

1.e4 d5 2.exd5 Qxd5 3.Nc3 Qd6 4.d4 Nf6 5.Nf3 c6 6.Be3 Bf5 7.Qd2 e6 8.h3 Nbd7
9.g4 Ne4 10.Nxe4 Bxe4 11.Be2 Nb6 12.O-O h5 13.Ng5 Bg6 14.Bf4 Qd7 15.Bf3 Bd6
16.Kg2 O-O-O 17.c3 Nc4 18.Qc1 hxg4 19.hxg4 Nxb2 20.Ne4 Bxe4 21.Bxe4 Bxf4
22.Qxf4 Qc7 23.Qxc7+ Kxc7 24.Rh1 Na4 25.Rxh8 Rxh8 26.Rc1 Nb6 27.Kg3 g5 28.Rf1 Nd5
29.Bxd5 cxd5 30.f4 gxf4+ 31.Rxf4 Rh7 32.g5 Kd6 33.Rf2 Ke7 34.Rb2 b6 35.a4 Rh8
36.a5 Rb8 37.axb6 Rxb6 38.Ra2 a6 39.Kf4 Kf8 40.Ra1 Kg7 41.Ke5 Rc6 42.Ra3 a5
43.Rxa5 Rxc3  0-1

[Event "64th Otwarte Open A"]
[Site "Warsaw POL"]
[Date "2011.05.09"]
[Round "3.4"]
[White "Nurkiewicz,M"]
[Black "Olejarczyk,B"]
[Result "1/2-1/2"]
[WhiteElo "2417"]
[BlackElo "2120"]

1.e4 d5 2.exd5 Qxd5 3.Nc3 Qd6 4.d4 Nf6 5.Nf3 c6 6.Ne5 Bf5 7.Bc4 e6 8.Bb3 Nbd7
9.Bf4 Nxe5 10.Bxe5 Qd7 11.Qf3 Be7 12.h3 Bg6 13.g4 h6 14.h4 a5 15.h5 Bh7 16.Rg1 Rd8
17.g5 hxg5 18.Rxg5 Rg8 19.h6 gxh6 20.Rxg8+ Nxg8 21.O-O-O b5 22.a4 b4 23.Ne4 Bxe4
24.Qxe4 Bf6 25.Rg1 Ke7 26.Kb1 c5 27.dxc5 Bxe5 28.Qxe5 Nf6 29.Re1 Qd4 30.Qc7+ Rd7
31.Qxa5 Qxf2 32.Qxb4 Rd4 33.Qa5 Ne4 34.Ka2 Nd2 35.Rh1 Qf3 36.Rg1 Qe3 37.Rh1 Re4
38.Qc7+ Kf8 39.Qb8+ Ke7 40.Qc7+ Kf8 41.Qc8+ Ke7 42.Qc7+ Kf8  1/2-1/2

[Event "41st Bosna Open"]
[Site "Sarajevo BIH"]
[Date "2011.05.10"]
[Round "7.9"]
[White "Djukic,Ni"]
[Black "Kurajica,B"]
[Result "1-0"]
[WhiteElo "2486"]
[BlackElo "2531"]

1.e4 d5 2.exd5 Qxd5 3.Nc3 Qd6 4.d4 a6 5.Nf3 b5 6.a4 b4 7.Ne4 Qd5 8.Bd3 Nf6
9.Qe2 Bb7 10.Neg5 Qa5 11.Bc4 Bd5 12.Ne5 Nbd7 13.Nexf7 Rg8 14.Ne5 Nb6 15.Ne6 Rc8
16.Nc5 e6 17.Bxd5 Nbxd5 18.Nc4  1-0